MARC

Tag First Indicator Second Indicator Subfields
LEADER 00000cam a2200000 i 4500
001 in00000298917
005 20231206111340.0
008 780308s1978 nyua b 001 0beng
010 |a  78004621  
019 |a 30987464  |a 984708530 
020 |a 0823012697 
020 |a 9780823012695 
029 1 |a AU@  |b 000001162936 
029 1 |a NZ1  |b 2656683 
035 |a (OCoLC)ocm03771004  
035 |a (OCoLC)3771004  |z (OCoLC)30987464  |z (OCoLC)984708530 
035 |a (OCoLC)ocm03771004  
040 |a DLC  |b eng  |c DLC  |d BTCTA  |d NIALS  |d OCLCF  |d CQ$  |d OCLCQ  |d EOS  |d JDP  |d OCLCO  |d LCOAD  |d OCL  |d OCLCA  |d OCLCQ  |d OCLCO  |d YBM  |d OCL  |d OCLCO 
043 |a n-us--- 
050 0 0 |a NC975.5.C65  |b A4 1978 
082 0 0 |a 759.13  |a B 
100 1 |a Cornwell, Dean,  |d 1892-1960. 
245 1 0 |a Dean Cornwell :  |b dean of illustrators /  |c Patricia Janis Broder ; preface by Norman Rockwell. 
260 |a New York :  |b Balance House ;  |b Distributed by Watson-Guptill Publications,  |c 1978. 
300 |a 239 pages :  |b chiefly illustrations (some color) ;  |c 28 x 30 cm 
336 |a text  |b txt  |2 rdacontent 
337 |a unmediated  |b n  |2 rdamedia 
338 |a volume  |b nc  |2 rdacarrier 
504 |a Includes bibliographical references (pages 235-236) and index. 
600 1 0 |a Cornwell, Dean,  |d 1892-1960. 
650 0 |a Illustrators  |z United States  |y 20th century. 
650 4 |a CORNWELL, DEAN, 1892-1960. 
650 6 |a Illustrateurs  |z États-Unis  |y 20e siècle. 
600 1 7 |a Cornwell, Dean,  |d 1892-1960  |2 fast 
650 7 |a Illustrators  |2 fast 
651 7 |a United States  |2 fast 
648 7 |a 1900-1999  |2 fast 
653 |a Cornwell, Dean. 
655 7 |a collective biographies.  |2 aat 
655 7 |a Biographies  |2 fast 
655 7 |a Biographies.  |2 lcgft 
655 7 |a Biographies.  |2 rvmgf 
700 1 |a Rockwell, Norman,  |d 1894-1978,  |e writer of preface. 
700 1 |a Broder, Patricia Janis. 
776 0 8 |i Online version:  |a Cornwell, Dean, 1892-1960.  |t Dean Cornwell.  |d New York : Balance House : distributed by Watson-Guptill Publications, 1978  |w (OCoLC)649445687 
938 |a Baker and Taylor  |b BTCP  |n 78004621 
948 |h HELD BY TXA - 231 OTHER HOLDINGS 
994 |a Z0  |b TXA 
999 f f |s b83b6710-73ea-3102-9248-3f5859d64dfb  |i 091b8df0-c491-3770-bdfe-d0b493418583  |t 0 
952 f f |p noncirc  |a Texas A&M University  |b College Station  |c Cushing Memorial Library & Archives  |d Cushing: Dykes (Does not check out)  |t 0  |e NC975.5.C65 A4 1978  |h Library of Congress classification  |i unmediated -- volume  |m A14853127547 
998 f f |a NC975.5.C65 A4 1978  |t 0  |l Cushing: Dykes (Does not check out)